Statistics for Top 5 Basketball Recruits by State - 2021

Click here to take the quiz!

General Stats

  • This quiz has been taken 14 times
    (7 since last reset)
  • The average score is 69 of 162

Answer Stats

StateRankPlayerCurrent Team% Correct
Washington2Paolo BancheroOrlando Magic
86%
Virginia121Darius JohnsonUCF Knights
71%
Georgia4Jabari Smith Jr.Houston Rockets
71%
Nebraska313Jadin JohnsonBlinn College Buccaneers
71%
Arkansas318Jordan MitchellMinnesota Crookston Golden Eagles
71%
Washington53Kaden PerryRetired
71%
Wisconsin187Kobe JohnsonUSC Trojans
71%
New York141Malachi SmithDayton Flyers
71%
California8Peyton WatsonDenver Nuggets
71%
New Jersey52Samson JohnsonConnecticut Huskies
71%
Pennsylvania89Stevie MitchellMarquette Golden Eagles
71%
North Carolina94Terquavion SmithPhiladelphia 76ers / Delaware Blue Coats
71%
Oklahoma72Trey AlexanderCreighton Bluejays
71%
Florida29Benny WilliamsSyracuse Orange
57%
Connecticut99Bensley JosephMiami Hurricanes
57%
Wisconsin103Brandin PodziemskiGolden State Warriors
57%
Illinois36Bryce HopkinsProvidence Friars
57%
Virginia105Cam CarterKansas State Wildcats
57%
Mississippi308Carlous WilliamsTulsa Golden Hurricane
57%
South Carolina113Cesare EdwardsMissouri State Bears
57%
Minnesota1Chet HolmgrenOklahoma City Thunder
57%
Utah269Dallin GrantUtah State Aggies
57%
New Hampshire82Devin CarterProvidence Friars
57%
Iowa106Emarion EllisBradley Braves
57%
Nebraska18Hunter SallisWake Forest Demon Deacons
57%
Washington73Jackson GrantUtah State Aggies
57%
Tennessee203Jalen BrownInactive
57%
Maryland183Jalen MillerOral Roberts Golden Eagles
57%
Alabama157Jalon MooreOklahoma Sooners
57%
Alabama10JD DavisonBoston Celtics / Maine Celtics
57%
North Carolina37Jonas AidooTennessee Volunteers
57%
Maryland48Jordan HawkinsNew Orleans Pelicans
57%
Maryland56Julian ReeseMaryland Terrapins
57%
Alabama322Kaleb BrownMissouri Tigers
57%
Tennessee158Kam JonesMarquette Golden Eagles
57%
Kansas11Kendall BrownIndiana Pacers / Indiana Mad Ants
57%
Alabama142KeShawn MurphyMississippi State Bulldogs
57%
Texas71KJ AdamsKansas Jayhawks
57%
California76Malik ThomasSan Francisco Dons
57%
Tennessee70Mason MillerCreighton Bluejays
57%
Utah30Nolan HickmanGonzaga Bulldogs
57%
Washington, D.C.87Quincy AllenJames Madison Dukes
57%
Nebraska217Saint ThomasNorthern Colorado Bears
57%
Oklahoma134Sean PedullaVirginia Tech Hokies
57%
Ohio182Seth WilsonWest Virginia Mountaineers
57%
Kentucky279Trey JamesRobert Morris Colonials
57%
Iowa122Tucker DeVriesDrake Bulldogs
57%
Wisconsin35Tyrese HunterTexas Longhorns
57%
Illinois88Ahamad BynumTrinity Valley Community College Cardinals
43%
Arizona161Alden ApplewhiteMurray State Racers
43%
Massachusetts222Alexis ReyesQuinnipiac Bobcats
43%
Missouri140Anton BrookshireAustin Peay Governors
43%
Arizona46Arthur KalumaKansas State Wildcats
43%
Indiana112Blake WesleySan Antonio Spurs
43%
North Carolina91Bobby Pettiford Jr.East Carolina Pirates
43%
Arizona78Brandon WestonRhode Island Rams
43%
Indiana61Caleb FurstPurdue Boilermakers
43%
Massachusetts132Casey SimmonsYale Bulldogs
43%
Illinois153Chris HodgesWisconsin Badgers
43%
Nebraska119Chucky HepburnWisconsin Badgers
43%
Mississippi49Daeshun RuffinJackson State Tigers
43%
Texas13Daimion CollinsLSU Tigers
43%
Wisconsin115David JoplinMarquette Golden Eagles
43%
North Carolina64D'Marco DunnPenn State Nittany Lions
43%
North Carolina62Dontrez StylesGeorgetown Hoyas
43%
Florida24Efton Reid IIIWake Forest Demon Deacons
43%
Connecticut244Elijah Hutchins-EverettSeton Hall Pirates
43%
Nevada44Frankie CollinsArizona State Sun Devils
43%
Massachusetts163Gianni ThompsonInactive
43%
Texas16Harrison IngramNorth Carolina Tar Heels
43%
South Carolina107Ike CornishOhio Bobcats
43%
Illinois110Isaiah BarnesTulsa Golden Hurricane
43%
Michigan50Jaden AkinsMichigan State Spartans
43%
Nevada3Jaden HardyDallas Mavericks
43%
California58Jahmai MashackTennessee Volunteers
43%
Pennsylvania40Jalen WarleyFlorida State Seminoles
43%
Louisiana196Javon RuffinColorado Buffaloes
43%
New Jersey101Jaylen BlakesDuke Blue Devils
43%
Texas33Jaylon TysonCalifornia Golden Bears
43%
Tennessee127Jerrell ColbertKansas State Wildcats
43%
Tennessee96Johnathan LawsonCreighton Bluejays
43%
Washington147John ChristofilisSeattle U Redhawks
43%
New York125Jordan RileyTemple Owls
43%
Indiana135J.R. KoniecznyNotre Dame Fighting Irish
43%
Colorado240Julian Hammond IIIColorado Buffaloes
43%
Georgia83Jusaun HoltKennesaw State Owls
43%
Ohio150Kalen EtzlerOhio State Buckeyes
43%
Nevada200Keshon GilbertIowa State Cyclones
43%
New York252Khalil BrantleyLa Salle Explorers
43%
Michigan43Kobe BufkinAtlanta Hawks
43%
Georgia39Kowacie Reeves Jr.Georgia Tech Yellow Jackets
43%
Wyoming60Lawson LoveringUtah Utes
43%
Michigan265Legend GeeterEastern Michigan Eagles
43%
Indiana97Luke GoodeIllinois Fighting Illini
43%
Texas31Manny ObasekiTexas A&M Aggies
43%
Georgia22Matthew ClevelandMiami Hurricanes
43%
South Dakota148Matthew MorsSouth Dakota State Jackrabbits
43%
Oklahoma291Matthew StoneNorth Texas Mean Green
43%
Virginia116Miles KellyGeorgia Tech Yellow Jackets
43%
Vermont301Nana Owusu-AnaneBrown Bears
43%
Kansas193Nate BarnhartSouth Dakota State Jackrabbits
43%
California25Nathan BittleOregon Ducks
43%
Delaware93Nnanna NjokuVillanova Wildcats
43%
Wisconsin5Patrick Baldwin Jr.Washington Wizards
43%
Iowa169Payton SandfortIowa Hawkeyes
43%
Michigan57Pierre BrooksButler Bulldogs
43%
New York207Rafael PinzonBryant Bulldogs
43%
Pennsylvania55Rahsool DigginsMassachusetts Minutemen
43%
Connecticut201Riley MulveyIowa Hawkeyes
43%
Utah230Robbie ArmbresterTexas A&M-Commerce Lions
43%
Virginia75Roosevelt WheelerVCU Rams
43%
Connecticut228Sean DurugordonSiena Saints
43%
Florida28Tamar BatesMissouri Tigers
43%
Missouri178Trevon BrazileArkansas Razorbacks
43%
Indiana41Trey Kaufman-RennPurdue Boilermakers
43%
Nevada54Will McClendonUCLA Bruins
43%
Minnesota137Will TschetterMichigan Wolverines
43%
Kansas47Zach ClemenceKansas Jayhawks
43%
Nevada120Zaon CollinsSalt Lake Community College Bruins
43%
Kentucky59Zion HarmonBethune-Cookman Wildcats
43%
New York15AJ GriffinAtlanta Hawks
29%
Massachusetts216Bennett PitcherHarvard Crimson
29%
Oklahoma180Bijan CortesWichita State Shockers
29%
Pennsylvania23Brandon Huntley-HatfieldLouisville Cardinals
29%
West Virginia186Brayon FreemanCoastal Carolina Chanticleers
29%
South Carolina26Bryce McGowensCharlotte Hornets
29%
Florida7Caleb HoustanOrlando Magic
29%
California66Isa SilvaLong Beach State Beach
29%
Utah174Jake WahlinUtah Utes
29%
Pennsylvania51Jordan LonginoVillanova Wildcats
29%
Michigan149Julian Roper IINotre Dame Fighting Irish
29%
Kansas191Kenny PohtoWichita State Shockers
29%
Ohio69Logan DuncombInactive
29%
Ohio146Markus IlverWisconsin Badgers
29%
Illinois17Max ChristieLos Angeles Lakers
29%
Connecticut225Nate SantosDayton Flyers
29%
Missouri184Nick Kern Jr.Penn State Nittany Lions
29%
Maryland152Ryan Conway(Accused of Rape)
29%
Georgia9Scoot HendersonPortland Trail Blazers
29%
New Jersey247Akoldah GakCairns Taipans - Australia
14%
Missouri21Aminu MohammedDelaware Blue Coats
14%
Massachusetts280Camaron TongueSanta Clara Bulldogs
14%
Louisiana284Emareyon McDonaldInactive
14%
South Carolina124Jacobi WrightSouth Carolina Gamecocks
14%
Maryland81Jakari RobinsonBowling Green Falcons - Football
14%
South Carolina67John Butler Jr.Capital City Go-Go
14%
New Hampshire143John CamdenVirginia Tech Hokies
14%
Kansas6Kennedy ChandlerLong Island Nets
14%
New Jersey109Kyle Cuffe Jr.Syracuse Orange
14%
Ohio34Malaki BranhamSan Antonio Spurs
14%
Washington, D.C.298Malcolm DreadMount St. Mary's Mountaineers
14%
Arizona19Michael Foster Jr.Capital City Go-Go
14%
Colorado231Mouhamed Lamine MbayeNew Mexico JC Thunderbirds
14%
Florida14Moussa DiabatéLos Angeles Clippers / Ontario Clippers
14%
Oregon266Nathan Rawlins-KibongeSouth Alabama Jaguars - (Football)
14%
New Jersey128Rafael CastroProvidence Friars
14%
Iowa286Ryan RiggsInactive
14%
New Hampshire95Shane DezonieTemple Owls
14%
Washington80Shane NowellUNLV Runnin' Rebels
14%
Missouri160Teafale Lenard Jr.Texas Legends
14%
Virginia20Trevor KeelsIowa Wolves
14%
Arizona12TyTy WashingtonMilwaukee Bucks / Wisconsin Herd
14%

Score Distribution

Percentile by Number Answered

Percent of People with Each Score

Your Score History

You have not taken this quiz since the last reset